Evaluación de la población de felinos silvestres e implementación de la estrategia para su conservación en la jurisdicción de Coropoguavio : (Registro nro. 8008)

Detalles MARC
000 -CABECERA
Campo de control 00858nmm a22001937a 4500
005 - FECHA Y HORA DE LA ULTIMA TRANSACCION
Campo de control 20131205120552.0
008 - ELEMENTOS DE LONGITUD FIJA—INFORMACION GENERAL
Campo de control 131205b2009 ck ||||| |||| 00| 0 spa d
041 ## - IDIOMA
Código de idioma para texto/pista de sonido o título separado Español
044 ## - PAÍS DE PUBLICACIÓN
País de publicación Colombia
090 ## - CLASIFICACIÓN LOCAL
Colección LB
Consecutivo 05841
110 ## - ASIENTO PRINCIPAL--NOMBRE CORPORATIVO
Nombre corporativo o de jurisdicción como elemento de entrada Fundación Vida Silvestre Neotropical
245 ## - MENCION DE TITULO
Título Evaluación de la población de felinos silvestres e implementación de la estrategia para su conservación en la jurisdicción de Coropoguavio :
Parte restante del título Convenio de cooperación Nº 177
260 ## - PUBLICACION, DISTRIBUCION, ETC. (PIE DE IMPRENTA)
Lugar de publicación, distribución, etc. Guavio
Nombre del editor, distribuidor, etc. Fundación Vida Silvestre Neotropical
Fecha de publicación, distribución, etc. 2009
300 ## - DESCRIPCION FISICA
Extensión 83 p.,
Otros detalles físicos il., (col), tablas, mapas,
Dimensiones 13 cm
500 ## - NOTA GENERAL
Nota general Convenio de cooperación Nº 177 suscrito entre la corporación autónoma regional del Guavio-Corpoguavio y la Fundación Vida Silvestre Neotropical FVSN
504 ## - NOTA DE BIBLIOGRAFIA, ETC.
Nota de bibliografía Incluye referencias
505 ## - NOTA DE CONTENIDO
Nota de contenido Incluye tabla de contenido
942 ## - ELEMENTOS ADICIONALES (KOHA)
Sistema de clasificación Local
Tipo de ítem CD-ROM
Existencias
Withdrawn status Lost status Sistema de Clasificación Damaged status No para préstamo Colección Ubicación Permanente Ubicación actual Fecha de adquisición Total Checkouts Número topográfico Inventario / Código de Barras Date last seen Ejemplar Price effective from Forma de adquisición Tipo de material
    Local     Audiovisual Bogotá Bogotá 05/12/2013   LB-05841 058696 05/12/2013 Ej. 1 05/12/2013   CD-ROM